Gaming Quiz

Random Gaming or Alphabet Quiz

Suikoden Alphabet Quiz Stats

 Plays Quiz not verified by Sporcle

Score 0/26 Timer 06:00
0 Plays Today
Hint Answer % Correct
The blind seer who watches over the events of the main series.Leknaat
89.2%
The Blue Lightning's love interest.Odessa
88.5%
The elder Silverberg brother that takes part in the Second Fire Bringer War.Albert
87.3%
She has been in all the main series Suikoden games.Viki
86.6%
This character becomes the Guildmaster of the howling Voice guild.Clive
84.7%
Joshua Levenheit passed this rune down to Milia when she became captain.Dragon Rune
84.7%
The largest nation in the suikoverse.Harmonia
84.7%
The Star Dragon Sword is actually this True Rune. Night Rune
84.7%
Lazlo owns the True Rune of...Punishment
82.8%
Riou and Jowy were members of this Highland unit before it was wiped out.Unicorn Brigade
82.8%
The largest city in the Jowston Alliance.Muse
80.9%
The female member of Geddoe's squad. Queen
76.4%
Main character of Suikoden V.Frey
73.2%
Hint Answer % Correct
Yuber possesses this True Rune.Eightfold Rune
72.6%
Tir McDohl's bo stick instructor. Kai
67.5%
The real name of Jimba.Wyatt Lightfellow
66.2%
Obel, Middleport, and Rzaril are all located here.Island Nations
63.1%
Sometimes called the True Holy Rune.Godspeed Rune
59.2%
Franz's winged partner.Ruby
56.1%
Wang's alias.Joker
49%
The name of the conflict between Barbarossa and Giel Rugner.Succession War
45.2%
The Squire Class Gunner who is a serious thorn in Nash's side.Zaj
29.3%
Haiy Yo was tarined by what group?Black Dragon Clan
26.1%
Kyril's mother.Yohn
25.5%
Stallion, Nash, and Cathari share this star.Tensoku Star
17.2%
The youngest Dromon pirate sibling. (Tierkries)Xebec
16.6%

You're not logged in!

Compare scores with friends on all Sporcle quizzes.
OR
Log In

Show Comments

Extras

Created Feb 25, 2012ReportNominate
Tags:Alphabet Quiz, RPGs, suikoden

Top Quizzes Today


Score Distribution

Your Account Isn't Verified!

In order to create a playlist on Sporcle, you need to verify the email address you used during registration. Go to your Sporcle Settings to finish the process.

Report this User

Report this user for behavior that violates our Community Guidelines.

Details: